Los barrios bajos / (Record no. 122286)

MARC details
000 -LEADER
campo de control de longitud fija 00655nam a2200205 i 4500
001 - NÚMERO DE CONTROL
campo de control 122286
003 - IDENTIFICADOR DE NÚMERO DE CONTROL
campo de control ES-MaACL
005 - FECHA Y HORA DE LA ÚLTIMA TRANSACCIÓN
campo de control 20250902063105.0
007 - CAMPO FIJO DE DESCRIPCIÓN FÍSICA--INFORMACIÓN GENERAL
campo de control de longitud fija t|
008 - DATOS DE LONGITUD FIJA--INFORMACIÓN GENERAL
campo de control de longitud fija 070522s1894 sp ||||1| spa d
080 ## - NÚMERO DE LA CLASIFICACIÓN DECIMAL UNIVERSAL
Número de la Clasificación Decimal Universal 821.134.2-14
100 1# - ENTRADA PRINCIPAL--NOMBRE DE PERSONA
Nombre de persona López Silva, José,
Fechas asociadas al nombre 1861-1925
9 (RLIN) 73986
245 14 - MENCIÓN DEL TÍTULO
Título Los barrios bajos /
Mención de responsabilidad, etc. J. López Silva ; con un prólogo de Don Ricardo de la Vega.
260 ## - PUBLICACIÓN, DISTRIBUCIÓN, ETC.
Lugar de publicación, distribución, etc. Madrid :
Nombre del editor, distribuidor, etc. [s.n.],
Fecha de publicación, distribución, etc. 1894 (
Fabricante Tipografía de los hijos de M. G. Hernández)
300 ## - DESCRIPCIÓN FÍSICA
Extensión 236 p. ;
Dimensiones 20 cm.
500 ## - NOTA GENERAL
Nota general Indice.
700 1# - ENTRADA AGREGADA--NOMBRE PERSONAL
Nombre de persona Vega, Ricardo de la.
9 (RLIN) 113583
852 ## - LOCALIZACIÓN
Ubicación ES-MaACL
Número de control de estantería F-9368
Sublocalización o colección R.142102
Holdings
Estatus retirado Estado de pérdida Estado de daño No para préstamo Colección Biblioteca de origen Biblioteca actual Ubicación en estantería Fecha de adquisición Fuente de adquisición Total de préstamos Signatura topográfica completa Código de barras Visto por última vez Precio de reemplazo Tipo de ítem Koha
        Libros del s. XIX Biblioteca del Ateneo de Madrid Biblioteca del Ateneo de Madrid Sala Pecera Planta 2 17/01/2008     F-9368 1127429 23/02/2023 23/02/2023 Libro impreso antiguo